| 000 | 00712nam a2200205 i 4500 | ||
|---|---|---|---|
| 001 | 45505 | ||
| 003 | ES-MaACL | ||
| 005 | 20231218204913.0 | ||
| 007 | t| | ||
| 008 | 030326s1977 sp |||| | spa d | ||
| 100 | 1 |
_aCohen, Gustave. _939495 |
|
| 245 | 1 | 3 |
_aLa vida literaria en la Edad Media _b: la literatura francesa del siglo IX al XV / _cGustave Cohen ; [traducción de Margarita Nelken]. |
| 250 | _a1ª ed. | ||
| 260 |
_aMadrid : _bFondo de Cultura Económica, _c[1977] |
||
| 300 |
_a358 p. ; _c21 cm. |
||
| 650 | 4 |
_aLiteratura francesa- _yHasta S.XV- _xHistoria y crítica. _9168427 |
|
| 700 | 1 |
_aNelken, Margarita, _d1894-1968 _985355 |
|
| 852 |
_aES-MaACL _jA-8028 |
||
| 999 |
_c45505 _d45505 |
||